Statistiques concernant Pays les plus proches des Maldives

Cliquez ici pour prendre le quiz!

Statistiques générales

  • Ce quiz a été pris 49 fois
  • Le résultat moyen est 16 sur 20

Statistiques - réponses

kmpays% Correct
449Inde
100%
1916Pakistan
98%
758Sri Lanka
95%
2099Oman
93%
2102Yémen
91%
2343Iran
89%
2407Arabie Saoudite
84%
2365Indonésie
84%
2497Népal
84%
1957Seychelles
84%
2627Afghanistan
82%
2571Émirats arabes unis
82%
2770Thaïlande
80%
2523Birmanie
75%
2394Somalie
75%
2381Bangladesh
73%
2781Bhoutan
70%
2691Chine
70%
2122Île Maurice
68%
2750Éthiopie
52%

Distribution des résultats

Percentile par nombre de réponses

% des personnes avec chaque résultat

Votre développement - résultats

Vous n’avez pas pris ce quiz